Представление документа в формате MARC21

Поле Инд. ПП Название Значение
Тип записи a
Библиографический уровень m
001 Контрольный номер 129ffc41-1821-41e2-94bc-1d27048af523
005 Дата корректировки 20131112081325.6
008 Кодируемые данные 020726
020 a ISBN 5-9221-0208-7
c Цена, тираж 44.00
040 a Служба первич. каталог. НБ ТвГУ
041 a Код языка текста rus
080 a Индекс УДК 541.182.04:532.7
084 a Индекс другой классификации/Индекс ББК В317.26
a Индекс другой классификации/Индекс ББК Г616.3
090 x Авторский знак Г16
a Полочн. индекс В317.2
100 1_ a Автор Галкин Валерий Алексеевич
245 00 a Заглавие Уравнение Смолуховского
c Ответственность В. А. Галкин
260 0_ a Место издания Москва
b Издательство ФИЗМАТЛИТ
c Дата издания 2001
300 a Объем 335,[1] с.
504 a Библиография Библиогр.: с.326-335. - Предм. указ.: с.336.
583 a Действие Получение впервые 321 02.08.2002
k Исполнитель действия Дар РГГУ
583 a Действие Приписка 185 17.06.2005
k Исполнитель действия Дар РГГУ
650 a Основная рубрика Смолуховского уравнение
650 a Основная рубрика Кинетические уравнения
650 a Основная рубрика Дисперсные системы
x Основная подрубрика Коагуляция
653 a Ключевые слова Уравнение Смолуховского
a Ключевые слова Кинетические уравнения
a Ключевые слова Кинетика коагуляции
a Ключевые слова Коагуляция дисперсных систем
a Ключевые слова Уравнения коагуляции
852 t Порядковый номер экземпляра 2
p Инвентарный номер 748586
p Инвентарный номер 810152 75.00
863 t 00072344
888 a Бесплатные
952 p 321.2002 44.00 1 748586
p 185.2005 75.00 1 810152
c Вид литературы К рн
954 a Дата поступления на обработку 20020823
999 a Подразделение 2 Фил3